书目信息 |
| 题名: |
纸板艺术 : 家具/生态设计/建筑
|
|
| 作者: | 奥利维埃·勒布鲁瓦著 ;治棋 译 | |
| 分册: | ||
| 出版信息: | 北京 中国建筑工业出版社 213050080 |
|
| 页数: | 127页 | |
| 开本: | 20cm | |
| 丛书名: | ||
| 单 册: | ||
| 中图分类: | TB47 | |
| 科图分类: | ||
| 主题词: | 工业技术--通用 , 工业--设备--通用性 | |
| 电子资源: | ||
| ISBN: | 978-7-112-22657-3 | |
| 000 | 00739nam0 2200217 45 | |
| 001 | 1954840251 | |
| 005 | 20190305151551.72 | |
| 010 | @a978-7-112-22657-3@dRMB 95.00 | |
| 100 | @a20190305d2130 km y0chiy0120 ea | |
| 101 | 0 | @achi |
| 102 | @aCN@b110000 | |
| 200 | 1 | @a纸板艺术 : 家具/生态设计/建筑@Azhi ban yi shu:jia ju/sheng tai she ji/jian zhu@f(法) 奥利维埃·勒布鲁瓦著 ; 治棋译@F(fa)ao li wei ai·le bu lu wa zhu;zhi qi yi |
| 210 | @a北京@c中国建筑工业出版社@d213050080 | |
| 215 | @a127页@d20cm | |
| 606 | 0 | @a工业技术@x通用 |
| 606 | 0 | @a工业@x设备@x通用性 |
| 690 | @aTB47@v4 | |
| 701 | 0 | @a奥利维埃·勒布鲁瓦著@Aao li wei ai·le bu lu wa zhu |
| 702 | 0 | @a治棋@Azhi qi@4译 |
| 801 | 0 | @aCN@bPFT@c20190305 |
| 905 | @a10447@dTB47@eA761 | |
| 纸板艺术 : 家具/生态设计/建筑/(法) 奥利维埃·勒布鲁瓦著 ; 治棋译.-北京:中国建筑工业出版社,213050080 |
| 127页;20cm |
| ISBN 978-7-112-22657-3:RMB 95.00 |
| ● |
| 相关链接 |
|
|
|
正题名:纸板艺术 : 家具/生态设计/建筑
索取号:TB47/A761
 
预约/预借
| 序号 | 登录号 | 条形码 | 馆藏地/架位号 | 状态 | 备注 |
| 1 | 1305008 | 213050080 | 自科库501/501自科库 15排2列5层/ [索取号:TB47/A761] | 在馆 |